Yugoslava en las relaciones interrelaciones y en el movimiento de no alineación / (Record no. 17830)

000 -CABECERA
fixed length control field 01098nam a22002657a 4500
003 - IDENTIFICADOR DEL NÚMERO DE CONTROL
control field AR-CdUCM
008 - DATOS DE LONGITUD FIJA--INFORMACIÓN GENERAL
fixed length control field 190225b ||||| |||| 00| 0 spa d
040 ## - FUENTE DE LA CATALOGACIÓN
Agencia/entidad que catalogó originalmente la obra MUNICIPALIDAD PROVINCIAL DEL CUSCO
Entidad que transcribió la catalogación BIBLIOTECA MUNICIPAL DEL CUSCO
082 ## - NÚMERO DE LA CLASIFICACIÓN DECIMAL DEWEY
No. de Clasificación 949.7 /
Notacion interna K18
100 ## - ENTRADA PRINCIPAL--NOMBRE DE PERSONA
Nombre Personal Kardelj, Edvard
245 ## - MENCIÓN DE TÍTULO
Título Yugoslava en las relaciones interrelaciones y en el movimiento de no alineación /
260 ## - PUBLICACIÓN, DISTRIBUCIÓN, ETC.
Lugar de publicación, distribución, etc. Beograd :
Nombre de la editorial, distribuidor, etc. Izdaje,
Fecha de publicación, distribución, etc. 1979..
300 ## - DESCRIPCIÓN FÍSICA
Nº de Páginas Extensión 251 páginas
Dimensiones 21 cm
440 ## - MENCIÓN DE SERIE/PUNTO DE ACCESO ADICIONAL--TÍTULO
Título Cuestiones actuales del socialismo
9 (RLIN) 38010
505 ## - NOTA DE CONTENIDO CON FORMATO
Nota de contenido formateada Contenido : Lugar histórico de una nueva Yugoslavia -- El socialismo y la guerra -- La cuestión nacional y la política de no alineación -- Sobre la convergencia y la coexistencia pacifica...
650 ## - PUNTO DE ACCESO ADICIONAL DE MATERIA--TÉRMINO DE MATERIA
Descriptor estrategia política
9 (RLIN) 3478
650 ## - PUNTO DE ACCESO ADICIONAL DE MATERIA--TÉRMINO DE MATERIA
Descriptor Raíces históricas
9 (RLIN) 8442
650 ## - PUNTO DE ACCESO ADICIONAL DE MATERIA--TÉRMINO DE MATERIA
Descriptor partido comunista
9 (RLIN) 2203
650 ## - PUNTO DE ACCESO ADICIONAL DE MATERIA--TÉRMINO DE MATERIA
Descriptor Relaciones internacionales
9 (RLIN) 3395
650 ## - PUNTO DE ACCESO ADICIONAL DE MATERIA--TÉRMINO DE MATERIA
Descriptor Futuro de europa
9 (RLIN) 38011
710 ## - PUNTO DE ACCESO ADICIONAL--NOMBRE DE ENTIDAD CORPORATIVA
Nombre corporativo (En letras Mayúsculas) CAS
9 (RLIN) 3481
942 ## - ELEMENTOS DE PUNTO DE ACCESO ADICIONAL (KOHA)
Fuente de clasificación
Tipo de item Libros-BMC
945 ## - PROCESAMIENTO DE INFORMACIÓN LOCAL (OCLC)
Catalogador wnts
AAAA-MM-DD - Fecha de ingreso o modificacion 2019-05-09
Holdings
Estado de retiro (separado) Fuente de clasificación o esquema de estanterías Estado dañado Ubicación Sala donde se ubica Nombre de la colección Fecha de adquisición o compra Costo, precio normal en soles Signatura topográfica Código de Barras Última vez visto (Koha) Tipo de ítem (Koha)
No     Sala Humanidades Sala Humanidades Book Cart 2019-05-09 50.00 949.7 / K18 SH0000012954 2019-05-09 Libros-BMC

Powered by Koha